[Event "Florianopolis op 10th"]
[Site "Florianopolis"]
[Date "2024.01.25"]
[Round "7"]
[White "Curi, Gabriel"]
[Black "Mariot Vaz, Joao Antonio Bertol"]
[Result "1-0"]
[WhiteElo "2069"]
[BlackElo "1772"]
[PlyCount "51"]
[EventDate "2024.01.20"]
[EventType "swiss"]
[EventRounds "10"]
[EventCountry "BRA"]
[SourceTitle "CB05_2024"]
[SourceDate "2024.01.31"]
[SourceVersion "1"]
[SourceVersionDate "2024.01.31"]
[SourceQuality "1"]

1. e4 e5 2. Nf3 d6 3. d4 Nf6 4. dxe5 Nxe4 5. Qd5 Nc5 6. Bg5 Qd7 7. exd6 Bxd6 8. Nc3 c6 9. Qd2 h6 10. Be3 Be7 11. Nd4 0-0 12. 0-0-0 Nba6 13. g4 Bf6 14. Bxa6 Nxa6 15. Ne4 Be5 16. Rhg1 c5 17. Nf5 Qa4 18. Nc3 Qa5 19. Bxh6 Qb4 20. Ne7+ Kh7 21. Qd3+ f5 22. Bd2 g6 23. Qh3+ Kg7 24. Qh6+ Kf7 25. Qxg6+ Kxe7 26. Nd5+ 1-0

[Event "Florianopolis op 10th"]
[Site "Florianopolis"]
[Date "2024.01.24"]
[Round "6"]
[White "Mariot Vaz, Joao Antonio Bertol"]
[Black "Bortoloso, Moacir Canella"]
[Result "1-0"]
[WhiteElo "1772"]
[BlackElo "2033"]
[PlyCount "99"]
[EventDate "2024.01.20"]
[EventType "swiss"]
[EventRounds "10"]
[EventCountry "BRA"]
[SourceTitle "CB05_2024"]
[SourceDate "2024.01.31"]
[SourceVersion "1"]
[SourceVersionDate "2024.01.31"]
[SourceQuality "1"]

1. e4 c5 2. Nf3 d6 3. d4 cxd4 4. Nxd4 Nf6 5. Nc3 a6 6. Bc4 e6 7. Bb3 b5 8. 0-0 Be7 9. Qf3 Qc7 10. Qg3 0-0 11. Bh6 Ne8 12. Rad1 Nc6 13. Nxc6 Qxc6 14. f4 Kh8 15. Bg5 Bxg5 16. fxg5 b4 17. Na4 Qxe4 18. Nb6 Rb8 19. Nxc8 Rxc8 20. Rde1 Qd4+ 21. Kh1 Nc7 22. Rd1 Qe5 23. Rxd6 Qxg3 24. hxg3 Kg8 25. Rfd1 a5 26. Rd7 g6 27. R1d6 Nd5 28. Ra6 Ne3 29. Rxa5 Nxc2 30. Raa7 Rc6 31. Kg1 Ne3 32. Kf2 Ng4+ 33. Ke2 Rc5 34. Rd4 Rxg5 35. Rb7 h5 36. Rbxb4 Rf5 37. Rf4 Re5+ 38. Kd2 Rd8+ 39. Rbd4 Rxd4+ 40. Rxd4 Ne3 41. Bc4 Nxg2 42. b4 g5 43. a4 f5 44. a5 h4 45. a6 Re1 46. gxh4 gxh4 47. a7 Ra1 48. Rd8+ Kg7 49. a8Q Rxa8 50. Rxa8 1-0

[Event "Florianopolis op 10th"]
[Site "Florianopolis"]
[Date "2024.01.23"]
[Round "5"]
[White "Volkmann, Andre Jordi"]
[Black "Mariot Vaz, Joao Antonio Bertol"]
[Result "1-0"]
[WhiteElo "2083"]
[BlackElo "1772"]
[PlyCount "89"]
[EventDate "2024.01.20"]
[EventType "swiss"]
[EventRounds "10"]
[EventCountry "BRA"]
[SourceTitle "CB05_2024"]
[SourceDate "2024.01.31"]
[SourceVersion "1"]
[SourceVersionDate "2024.01.31"]
[SourceQuality "1"]

1. d4 Nf6 2. c4 c5 3. d5 e6 4. Nc3 exd5 5. cxd5 d6 6. e4 g6 7. f4 Bg7 8. Bb5+ Nfd7 9. Nf3 0-0 10. a4 Na6 11. 0-0 Nc7 12. Bd3 b6 13. Re1 Re8 14. Nb5 Nxb5 15. Bxb5 Qc7 16. e5 a6 17. Bc4 Bb7 18. Qb3 Re7 19. Ng5 Rae8 20. Bd2 b5 21. axb5 axb5 22. Qxb5 dxe5 23. Ba5 Qb8 24. Nxf7 Rxf7 25. d6 Bc8 26. Bxf7+ Kxf7 27. Qc4+ Kf8 28. fxe5 Nxe5 29. Rf1+ Bf5 30. Qd5 Bf6 31. Bc3 Kg7 32. Qxc5 Re6 33. Ra7+ Kg8 34. d7 Bd8 35. Bd4 Nc6 36. Qd5 Nxd4 37. Ra8 Qb6 38. Rxd8+ Qxd8 39. Qxd4 h5 40. Qd5 Kf7 41. h3 h4 42. Rc1 Qb6+ 43. Kh1 Ke7 44. Rd1 Rd6 45. Qxd6+ 1-0

[Event "Timbo op 3rd"]
[Site "Timbo"]
[Date "2023.11.05"]
[Round "5"]
[White "Mariot Vaz, Joao Antonio Bertol"]
[Black "Volkmann, Andre Jordi"]
[Result "0-1"]
[WhiteElo "1773"]
[BlackElo "2092"]
[PlyCount "122"]
[EventDate "2023.11.03"]
[EventType "swiss"]
[EventRounds "6"]
[EventCountry "BRA"]
[SourceTitle "CB49_2023"]
[SourceDate "2023.12.06"]
[SourceVersion "1"]
[SourceVersionDate "2023.12.06"]
[SourceQuality "1"]

1. e4 c6 2. d4 d5 3. e5 c5 4. c3 Nc6 5. Be2 cxd4 6. cxd4 Qb6 7. Nf3 Bg4 8. 0-0 Bxf3 9. Bxf3 e6 10. Nc3 Qxd4 11. Qe2 0-0-0 12. Re1 Qb6 13. Bf4 Nge7 14. a3 Ng6 15. Bg3 Be7 16. b4 Kb8 17. b5 Nd4 18. Qd3 Nxf3+ 19. Qxf3 Rhf8 20. a4 Bg5 21. Rad1 Ka8 22. Qg4 Bh6 23. Qb4 Rc8 24. Rd4 Qc5 25. Na2 Qxb4 26. Nxb4 Rc1 27. Rxc1 Bxc1 28. Nd3 Rc8 29. h4 Ne7 30. Rg4 Nf5 31. a5 Bd2 32. a6 Rc3 33. Nf4 Rc4 34. h5 bxa6 35. bxa6 Kb8 36. Kh2 g6 37. Kh3 Nh6 38. hxg6 hxg6 39. Rh4 Nf5 40. Rh8+ Rc8 41. Rh7 Nxg3 42. fxg3 Bxf4 43. gxf4 Rf8 44. Kg4 Kc7 45. Kg5 d4 46. Rh3 Rd8 47. Rd3 Kc6 48. Kf6 Rd7 49. g4 Kd5 50. Ra3 Kc6 51. Rd3 Kb5 52. Kg7 Kc4 53. Rd1 d3 54. Kf8 Kc3 55. Ke8 Kc2 56. Rg1 Rc7 57. Kd8 Rc4 58. Rf1 d2 59. Ke7 d1Q 60. Rxd1 Kxd1 61. Kxf7 Rxf4+ 0-1

[Event "Timbo op 3rd"]
[Site "Timbo"]
[Date "2023.11.03"]
[Round "1"]
[White "Mariot Vaz, Joao Antonio Bertol"]
[Black "Dos Santos, Gabriel Conte"]
[Result "1-0"]
[WhiteElo "1773"]
[BlackElo "1036"]
[PlyCount "27"]
[EventDate "2023.11.03"]
[EventType "swiss"]
[EventRounds "6"]
[EventCountry "BRA"]
[SourceTitle "CB49_2023"]
[SourceDate "2023.12.06"]
[SourceVersion "1"]
[SourceVersionDate "2023.12.06"]
[SourceQuality "1"]

1. e4 e5 2. Nf3 Nc6 3. Bb5 a6 4. Ba4 Nf6 5. 0-0 b5 6. Bb3 Nxe4 7. Re1 d5 8. d3 Nf6 9. Nxe5 Nxe5 10. d4 c5 11. dxe5 Ng4 12. Bxd5 Qh4 13. Bc6+ Ke7 14. Qd6# 1-0

[Event "Florianopolis op-B"]
[Site "Florianopolis"]
[Date "2023.09.22"]
[Round "1"]
[White "Schneider, Nicole Moritz"]
[Black "Mariot Vaz, Joao Antonio Bertol"]
[Result "0-1"]
[WhiteElo "1339"]
[BlackElo "1784"]
[PlyCount "96"]
[EventDate "2023.09.22"]
[EventType "swiss"]
[EventRounds "6"]
[EventCountry "BRA"]
[SourceTitle "EXT 2024"]
[Source "ChessBase"]
[SourceDate "2023.10.10"]
[SourceVersion "1"]
[SourceVersionDate "2023.10.10"]
[SourceQuality "1"]

1. e4 e5 2. Nf3 d6 3. Bc4 Nf6 4. d3 Be7 5. c3 0-0 6. Nbd2 Nbd7 7. Nf1 c6 8. Ng3 d5 9. Bb3 Re8 10. 0-0 Bf8 11. Re1 Qc7 12. Bg5 h6 13. Bd2 b6 14. Nf5 dxe4 15. dxe4 Nc5 16. Bc2 Ba6 17. Qb1 Rad8 18. b4 Nd3 19. Re3 Nf4 20. Re1 Ne2+ 21. Kh1 Ng4 22. Be3 Nxe3 23. Nxe3 Nxc3 24. Qb2 Ne2 25. Ba4 Nd4 26. Nxd4 Rxd4 27. Nf5 Rxb4 28. Bb3 Bc4 29. Re3 g6 30. Rg3 Bg7 31. Qd2 a5 32. Nxh6+ Kf8 33. Rf3 Bxb3 34. axb3 f6 35. Qg5 Re6 36. Qxg6 Bxh6 37. Qxh6+ Qg7 38. Qh3 Ke7 39. Rg3 Qf7 40. Qh8 Kd6 41. Rc1 Re8 42. Qh6 Rd4 43. Rg7 Qe6 44. Rg6 Qxb3 45. Rxf6+ Re6 46. Qf8+ Kc7 47. Qf7+ Rd7 48. Qxe6 Qd1+ 0-1

[Event "Caioba op 7th"]
[Site "Caioba"]
[Date "2023.06.22"]
[Round "6"]
[White "Mariot Vaz, Joao Antonio Bertol"]
[Black "Espindola, Carlos Marcelo"]
[Result "1-0"]
[WhiteElo "1771"]
[BlackElo "1457"]
[PlyCount "65"]
[EventDate "2023.06.18"]
[EventType "swiss"]
[EventRounds "9"]
[EventCountry "BRA"]
[SourceTitle "CBM 214 Extra"]
[Source "ChessBase"]
[SourceDate "2023.07.31"]
[SourceVersion "1"]
[SourceVersionDate "2023.07.31"]
[SourceQuality "1"]

1. e4 c5 2. Nf3 g6 3. d4 cxd4 4. Nxd4 Bg7 5. c4 Nc6 6. Be3 d6 7. Nc3 Nf6 8. Be2 Bd7 9. 0-0 Rc8 10. f3 0-0 11. Qd2 Re8 12. Rac1 Ne5 13. b3 Qa5 14. h3 Nc6 15. Rfd1 Rcd8 16. f4 Nxd4 17. Bxd4 Bc6 18. Qe3 b6 19. Nd5 Nxd5 20. cxd5 Bxd4 21. Rxd4 Bb5 22. Bxb5 Qxb5 23. a4 Qa6 24. Qd3 Qb7 25. Rdc4 Rc8 26. Qc3 Rxc4 27. Qxc4 Kf8 28. b4 a6 29. Qc7 Qxc7 30. Rxc7 Rb8 31. Kf2 b5 32. a5 Ra8 33. Ke3 1-0

[Event "Caioba op 7th"]
[Site "Caioba"]
[Date "2023.06.19"]
[Round "3"]
[White "Carvalho, Herbert Abreu"]
[Black "Mariot Vaz, Joao Antonio Bertol"]
[Result "1-0"]
[WhiteElo "2097"]
[BlackElo "1771"]
[PlyCount "63"]
[EventDate "2023.06.18"]
[EventType "swiss"]
[EventRounds "9"]
[EventCountry "BRA"]
[SourceTitle "CBM 214 Extra"]
[Source "ChessBase"]
[SourceDate "2023.07.31"]
[SourceVersion "1"]
[SourceVersionDate "2023.07.31"]
[SourceQuality "1"]

1. d4 Nf6 2. Nf3 e6 3. c4 Bb4+ 4. Nbd2 0-0 5. g3 b6 6. Bg2 Bb7 7. 0-0 Bxd2 8. Bxd2 d6 9. b4 Nbd7 10. Bc3 b5 11. cxb5 Qb8 12. a4 Bxf3 13. Bxf3 d5 14. Qd3 Qb7 15. Bg2 Rfc8 16. Rfc1 c6 17. bxc6 Rxc6 18. b5 Rc7 19. Bd2 Rac8 20. Rxc7 Rxc7 21. Bf4 Rc8 22. a5 Ne4 23. Bxe4 dxe4 24. Qb3 Nf6 25. Rc1 Nd5 26. Rxc8+ Qxc8 27. Bd2 Qb7 28. Qc4 Ne7 29. Bb4 Nd5 30. Bd6 Qd7 31. Qc5 Qd8 32. b6 1-0

[Event "Caioba op 7th"]
[Site "Caioba"]
[Date "2023.06.18"]
[Round "1"]
[White "Cubas, Jose Fernando"]
[Black "Mariot Vaz, Joao Antonio Bertol"]
[Result "1-0"]
[WhiteElo "2457"]
[BlackElo "1771"]
[PlyCount "59"]
[EventDate "2023.06.18"]
[EventType "swiss"]
[EventRounds "9"]
[EventCountry "BRA"]
[SourceTitle "CBM 214 Extra"]
[Source "ChessBase"]
[SourceDate "2023.07.31"]
[SourceVersion "1"]
[SourceVersionDate "2023.07.31"]
[SourceQuality "1"]

1. e4 c5 2. Nf3 e6 3. d4 cxd4 4. Nxd4 Nf6 5. Nc3 d6 6. Be2 Be7 7. 0-0 0-0 8. f4 Nc6 9. Be3 Bd7 10. Kh1 Nxd4 11. Bxd4 Bc6 12. Bd3 a6 13. Qf3 b5 14. a3 Qc7 15. Rae1 Qb7 16. Nd1 d5 17. e5 Ne4 18. Nf2 Rac8 19. c3 Nxf2+ 20. Qxf2 g6 21. g4 a5 22. f5 exf5 23. gxf5 Bg5 24. Qg3 Bh6 25. Qh4 Bg7 26. f6 Bh8 27. Rf5 Rfd8 28. Rh5 Kf8 29. Rxh7 Ke8 30. Qh3 1-0

[Event "Florianopolis op-A 04"]
[Site "Florianopolis"]
[Date "2023.04.30"]
[Round "5"]
[White "Nunes, Agatha Hurba"]
[Black "Mariot Vaz, Joao Antonio Bertol"]
[Result "1-0"]
[WhiteElo "1806"]
[BlackElo "1758"]
[PlyCount "73"]
[EventDate "2023.04.28"]
[EventType "swiss"]
[EventRounds "6"]
[EventCountry "BRA"]
[SourceTitle "CBM 214 Extra"]
[Source "ChessBase"]
[SourceDate "2023.07.31"]
[SourceVersion "1"]
[SourceVersionDate "2023.07.31"]
[SourceQuality "1"]

1. d4 Nf6 2. c4 e6 3. Nf3 Bb4+ 4. Bd2 Qe7 5. a3 Bxd2+ 6. Nbxd2 d6 7. e4 e5 8. Bd3 0-0 9. 0-0 Bg4 10. Qc2 a5 11. Rfe1 a4 12. Qc3 Bxf3 13. Nxf3 Nc6 14. d5 Nb8 15. c5 Nbd7 16. cxd6 cxd6 17. Qb4 Nc5 18. Rad1 Rfc8 19. Bb1 Qc7 20. Nd2 Nfd7 21. Re3 Ra6 22. Bd3 Rb6 23. Bb5 Nb8 24. Nc4 Nca6 25. Qa5 Rxb5 26. Qxb5 g6 27. Rc3 Nc5 28. Nb6 Rf8 29. Nxa4 Qe7 30. Nxc5 dxc5 31. Rxc5 f5 32. d6 Qf6 33. Qc4+ Kh8 34. Rc8 Nc6 35. Rxf8+ Qxf8 36. d7 f4 37. Qxc6 1-0

[Event "Florianopolis op-A 04"]
[Site "Florianopolis"]
[Date "2023.04.28"]
[Round "1"]
[White "Mariot Vaz, Joao Antonio Bertol"]
[Black "Kim, Thiago"]
[Result "1/2-1/2"]
[WhiteElo "1758"]
[BlackElo "2076"]
[PlyCount "131"]
[EventDate "2023.04.28"]
[EventType "swiss"]
[EventRounds "6"]
[EventCountry "BRA"]
[SourceTitle "CBM 214 Extra"]
[Source "ChessBase"]
[SourceDate "2023.07.31"]
[SourceVersion "1"]
[SourceVersionDate "2023.07.31"]
[SourceQuality "1"]

1. e4 c5 2. Nf3 Nc6 3. Bb5 e5 4. 0-0 Bd6 5. c3 a6 6. Ba4 b5 7. Bc2 Nge7 8. d4 cxd4 9. cxd4 exd4 10. Nxd4 Nxd4 11. Qxd4 Qc7 12. h3 Qxc2 13. Qxd6 Qxe4 14. Bd2 Qc6 15. Qa3 d6 16. Re1 Be6 17. Nc3 0-0 18. Ne4 Nf5 19. Bf4 Rfd8 20. Rac1 Qb6 21. Red1 b4 22. Qf3 d5 23. Bc7 dxe4 24. Bxb6 exf3 25. Rxd8+ Rxd8 26. Bxd8 Nd4 27. Rc7 h6 28. b3 Ne2+ 29. Kh2 fxg2 30. Kxg2 Nc3 31. Ra7 Nxa2 32. Rxa6 Bxb3 33. Be7 Bd5+ 34. Kg3 b3 35. Rb6 Nc3 36. Rb8+ Kh7 37. Kf4 Be6 38. Ke5 Kg6 39. Kd4 Ne2+ 40. Ke3 Nc3 41. Kd3 Nd5 42. Bd6 Nf6 43. h4 Kh5 44. Bg3 Kg4 45. Rb4+ Kf3 46. Be5 Kxf2 47. Bxf6 gxf6 48. Rf4+ Kg3 49. Rxf6 h5 50. Ke3 b2 51. Rf3+ Kxh4 52. Rf4+ Kg5 53. Rb4 Bd5 54. Kf2 h4 55. Rb5 Kf4 56. Rxb2 h3 57. Kg1 Kg3 58. Rf2 f5 59. Rh2 f4 60. Rb2 Bc4 61. Rh2 Bd3 62. Rf2 Bf5 63. Rh2 Kf3 64. Rf2+ Ke3 65. Rh2 Be6 66. Rf2 1/2-1/2

[Event "Florianopolis op 9th"]
[Site "Florianopolis"]
[Date "2023.01.29"]
[Round "10"]
[White "Heinechen, John"]
[Black "Mariot Vaz, Joao Antonio Bertol"]
[Result "1/2-1/2"]
[WhiteElo "1935"]
[BlackElo "1756"]
[PlyCount "110"]
[EventDate "2023.01.23"]
[EventType "swiss"]
[EventRounds "10"]
[EventCountry "BRA"]
[SourceTitle "CBM 212 Extra"]
[Source "ChessBase"]
[SourceDate "2023.03.31"]
[SourceVersion "1"]
[SourceVersionDate "2023.03.31"]
[SourceQuality "1"]

1. e4 c5 2. Nf3 e6 3. d4 cxd4 4. Nxd4 Nf6 5. Bd3 Nc6 6. Nxc6 dxc6 7. 0-0 e5 8. a4 Be7 9. Nd2 0-0 10. Nc4 Qc7 11. Qe2 Be6 12. f4 Nd7 13. f5 Bxc4 14. Bxc4 Rad8 15. Rf3 Nf6 16. Rh3 Rd4 17. Bd3 c5 18. c3 Rd6 19. g4 c4 20. Bxc4 Nxg4 21. b3 Nf6 22. Rg3 Kh8 23. Bg5 Qd8 24. Bxf6 Bxf6 25. Bd5 Qc7 26. Kh1 Rfd8 27. c4 Bh4 28. Rg4 Rh6 29. Rag1 Bf6 30. Qg2 Rg8 31. Qd2 Rh4 32. R4g3 b6 33. b4 Rd8 34. Rxg7 Bxg7 35. Qg5 Rxh2+ 36. Kxh2 f6 37. Qg4 Qe7 38. Rg3 Qf8 39. Rh3 Bh6 40. Kh1 Bg5 41. Qh5 Rd7 42. c5 bxc5 43. bxc5 Rg7 44. c6 h6 45. Qf3 Qb4 46. Qd1 Bf4 47. Rb3 Qc5 48. Rb8+ Kh7 49. Rb7 Rxb7 50. cxb7 Qe3 51. Qb3 Qe1+ 52. Kg2 Qe2+ 53. Kg1 Qe1+ 54. Kg2 Qe2+ 55. Kg1 Qe1+ 1/2-1/2

[Event "Florianopolis op 9th"]
[Site "Florianopolis"]
[Date "2023.01.28"]
[Round "8"]
[White "De Oliveira, Aquiles Machado"]
[Black "Mariot Vaz, Joao Antonio Bertol"]
[Result "1-0"]
[WhiteElo "2013"]
[BlackElo "1756"]
[PlyCount "99"]
[EventDate "2023.01.23"]
[EventType "swiss"]
[EventRounds "10"]
[EventCountry "BRA"]
[SourceTitle "CBM 212 Extra"]
[Source "ChessBase"]
[SourceDate "2023.03.31"]
[SourceVersion "1"]
[SourceVersionDate "2023.03.31"]
[SourceQuality "1"]

1. Nc3 c5 2. e4 Nc6 3. f4 g6 4. g3 Bg7 5. Nf3 d6 6. Bg2 e6 7. d3 Nge7 8. 0-0 0-0 9. Be3 b6 10. d4 d5 11. exd5 Nf5 12. Bf2 Ncxd4 13. dxe6 Bxe6 14. Ng5 Bd7 15. Re1 h6 16. Nf3 Nxf3+ 17. Qxf3 Rc8 18. Rad1 Nd4 19. Qd3 Bf5 20. Ne4 Qc7 21. c3 Ne6 22. Qd6 Rfd8 23. Qxc7 Rxc7 24. Rxd8+ Nxd8 25. Nxc5 Ne6 26. Ne4 Rd7 27. h3 Bxe4 28. Bxe4 Rd2 29. Rb1 Bf8 30. Be1 Re2 31. Bf3 Bc5+ 32. Kh1 Re3 33. Kg2 Ng7 34. b4 Be7 35. Kf2 Nf5 36. Rd1 Bf6 37. Bd2 Rd3 38. Ke2 Rd8 39. g4 Nd6 40. Be1 Re8+ 41. Kd3 Nb5 42. c4 Nd4 43. Be4 Rd8 44. Bd5 Kg7 45. Bc3 Ne6 46. Bxf6+ Kxf6 47. Ke3 g5 48. fxg5+ Kxg5 49. Rf1 Nf4 50. h4+ 1-0

[Event "Florianopolis op 9th"]
[Site "Florianopolis"]
[Date "2023.01.26"]
[Round "6"]
[White "Urquiza, Marcello de Albuque"]
[Black "Mariot Vaz, Joao Antonio Bertol"]
[Result "1-0"]
[WhiteElo "2007"]
[BlackElo "1756"]
[PlyCount "57"]
[EventDate "2023.01.23"]
[EventType "swiss"]
[EventRounds "10"]
[EventCountry "BRA"]
[SourceTitle "CBM 212 Extra"]
[Source "ChessBase"]
[SourceDate "2023.03.31"]
[SourceVersion "1"]
[SourceVersionDate "2023.03.31"]
[SourceQuality "1"]

1. e4 c5 2. Nf3 e6 3. d4 cxd4 4. Nxd4 Nf6 5. Nc3 d6 6. Be2 Be7 7. 0-0 0-0 8. Be3 Nc6 9. Nb3 a6 10. a4 Bd7 11. f4 Qc7 12. a5 Rac8 13. Bf3 Nb4 14. Rf2 Bc6 15. Bb6 Qb8 16. Qe1 Rfe8 17. Rd2 h6 18. Qe2 d5 19. e5 Nd7 20. Bd4 Nf8 21. Qf2 g5 22. Bh5 Ng6 23. f5 Nxe5 24. fxe6 Rf8 25. Qf5 f6 26. Bxe5 Qxe5 27. Qg6+ Kh8 28. Qxh6+ Kg8 29. Bg6 1-0

[Event "Florianopolis op 9th"]
[Site "Florianopolis"]
[Date "2023.01.23"]
[Round "1"]
[White "Mariot Vaz, Joao Antonio Bertol"]
[Black "Lisboa, Maria Eduarda Mazza"]
[Result "1-0"]
[WhiteElo "1756"]
[BlackElo "1743"]
[PlyCount "63"]
[EventDate "2023.01.23"]
[EventType "swiss"]
[EventRounds "10"]
[EventCountry "BRA"]
[SourceTitle "CBM 212 Extra"]
[Source "ChessBase"]
[SourceDate "2023.03.31"]
[SourceVersion "1"]
[SourceVersionDate "2023.03.31"]
[SourceQuality "1"]

1. e4 d5 2. exd5 Qxd5 3. Nc3 Qa5 4. d4 c6 5. Bc4 Nf6 6. Nge2 Bf5 7. 0-0 e6 8. Ng3 Bg6 9. f4 Bb4 10. f5 exf5 11. Qe2+ Be7 12. Bg5 Nbd7 13. Rae1 Qd8 14. Nxf5 Bxf5 15. Rxf5 0-0 16. Qxe7 Qxe7 17. Rxe7 h6 18. Bxf6 Nxf6 19. Rxb7 Rfb8 20. Rxf7 Kh8 21. Bb3 Rf8 22. Rxf8+ Rxf8 23. Ne4 Kh7 24. Nxf6+ gxf6 25. c4 Kg6 26. Rc5 Rd8 27. d5 cxd5 28. cxd5 Kf7 29. d6+ Ke8 30. Ba4+ Kf7 31. d7 Ke6 32. Rc3 1-0

[Event "Florianopolis op 8th"]
[Site "Florianopolis"]
[Date "2022.01.28"]
[Round "7"]
[White "Mariot Vaz, Joao Antonio Bertol"]
[Black "Feller, Gabriela Luisa Vice"]
[Result "1/2-1/2"]
[WhiteElo "1645"]
[BlackElo "1864"]
[PlyCount "63"]
[EventDate "2022.01.24"]
[EventType "swiss"]
[EventRounds "10"]
[EventCountry "BRA"]
[SourceTitle "CBM 206 Extra"]
[Source "ChessBase"]
[SourceDate "2022.03.31"]
[SourceVersion "1"]
[SourceVersionDate "2022.03.31"]
[SourceQuality "1"]

1. c4 c6 2. Nf3 d5 3. e3 Nf6 4. b3 Bg4 5. Be2 e6 6. Bb2 Bd6 7. 0-0 0-0 8. Nc3 Nbd7 9. d3 Rc8 10. Rc1 Bb8 11. h3 Bxf3 12. Bxf3 Ne5 13. Be2 Qd6 14. g3 Rfd8 15. Nb1 dxc4 16. dxc4 Qc7 17. Qc2 h5 18. Nd2 Ng6 19. Bxf6 gxf6 20. Bxh5 Qa5 21. Bxg6 Rxd2 22. Bxf7+ Kxf7 23. Qh7+ Ke8 24. Qg8+ Kd7 25. Qf7+ Kd8 26. Qxf6+ Kc7 27. c5 Rcd8 28. Qxe6 Qxa2 29. Qe5+ Kc8 30. Qe6+ Kc7 31. Qe5+ Kc8 32. Qe6+ 1/2-1/2

[Event "Florianopolis op 09"]
[Site "Florianopolis"]
[Date "2021.09.25"]
[Round "3"]
[White "Eger, Laura Luisa"]
[Black "Mariot Vaz, Joao Antonio Bertol"]
[Result "1/2-1/2"]
[WhiteElo "1765"]
[BlackElo "1540"]
[PlyCount "126"]
[EventDate "2021.09.24"]
[EventType "swiss"]
[EventRounds "6"]
[EventCountry "BRA"]
[SourceTitle "EXT 2024"]
[Source "ChessBase"]
[SourceDate "2023.10.10"]
[SourceVersion "1"]
[SourceVersionDate "2023.10.10"]
[SourceQuality "1"]

1. e4 c5 2. Nf3 d6 3. c3 Nf6 4. Be2 Nc6 5. d4 Qc7 6. 0-0 e5 7. d5 Nb8 8. Qc2 g6 9. a4 Bg7 10. h3 0-0 11. Na3 a6 12. Nc4 Nbd7 13. Be3 h6 14. a5 Nh5 15. Nh4 Nf4 16. Qd2 Nf6 17. Bd3 N6h5 18. b4 Qe7 19. Nf3 Qf6 20. Be2 cxb4 21. cxb4 Bd7 22. Rfc1 Bb5 23. Kh2 Nxe2 24. Qxe2 Rac8 25. Ra3 Nf4 26. Qa2 g5 27. Rac3 Qg6 28. Qc2 g4 29. Ne1 Qh5 30. Bb6 Ne2 31. Qb3 Nxc1 32. Rxc1 gxh3 33. gxh3 Qe2 34. Nd3 Qxe4 35. Nxd6 Qxd3 36. Qxd3 Bxd3 37. Rxc8 e4 38. Rxf8+ Kxf8 39. Nxb7 Be5+ 40. Kg1 Bc4 41. d6 Ke8 42. Be3 h5 43. Bg5 f6 44. Be3 Bd5 45. Nc5 Bxd6 46. Nxa6 Bc4 47. Nc5 Bxc5 48. Bxc5 Kd7 49. h4 Ke6 50. Kg2 Ke5 51. Bb6 Kf4 52. Bd8 f5 53. Bc7+ Kg4 54. Bd8 Ba6 55. f3+ exf3+ 56. Kf2 Bb5 57. Be7 Ba6 58. Bg5 Bb5 59. Bd8 Ba6 60. Be7 Bb5 61. Bd6 f4 62. Be7 Ba6 63. Bc5 Be2 1/2-1/2

[Event "BRA-ch U18"]
[Site "Florianopolis"]
[Date "2021.07.04"]
[Round "6"]
[White "Mariot Vaz, Joao Antonio Bertol"]
[Black "Martins, Henrique Da Cunha"]
[Result "1-0"]
[WhiteElo "1511"]
[BlackElo "1568"]
[PlyCount "63"]
[EventDate "2021.07.01"]
[EventType "swiss"]
[EventRounds "6"]
[EventCountry "BRA"]
[SourceTitle "CBM 203 Extra"]
[Source "ChessBase"]
[SourceDate "2021.09.30"]
[SourceVersion "1"]
[SourceVersionDate "2021.09.30"]
[SourceQuality "1"]

1. e4 c5 2. Nf3 d6 3. d4 cxd4 4. Nxd4 Nf6 5. Nc3 a6 6. g3 b5 7. Bg2 Bb7 8. 0-0 Qc7 9. Re1 Nbd7 10. Nd5 Qb8 11. Bg5 e6 12. Nxf6+ gxf6 13. Be3 h5 14. c4 bxc4 15. Qa4 Qc7 16. Rac1 Rc8 17. b3 c3 18. Ne2 Qc6 19. Nxc3 Nc5 20. Qxc6+ Bxc6 21. Red1 Be7 22. Ne2 h4 23. b4 Nb7 24. e5 d5 25. Nd4 Bd7 26. Rxc8+ Bxc8 27. Rc1 Kd7 28. Nc6 h3 29. Bf1 f5 30. Nxe7 Kxe7 31. Rc7+ Kd8 32. Bb6 1-0

[Event "BRA-ch U18"]
[Site "Florianopolis"]
[Date "2021.07.02"]
[Round "2"]
[White "Freitas, Ronan Cunha"]
[Black "Mariot Vaz, Joao Antonio Bertol"]
[Result "1-0"]
[WhiteElo "1871"]
[BlackElo "1511"]
[PlyCount "63"]
[EventDate "2021.07.01"]
[EventType "swiss"]
[EventRounds "6"]
[EventCountry "BRA"]
[SourceTitle "CBM 203 Extra"]
[Source "ChessBase"]
[SourceDate "2021.09.30"]
[SourceVersion "1"]
[SourceVersionDate "2021.09.30"]
[SourceQuality "1"]

1. d4 Nf6 2. c4 e6 3. Nf3 Bb4+ 4. Nbd2 0-0 5. a3 Bxd2+ 6. Qxd2 b6 7. g3 Bb7 8. Bg2 d6 9. 0-0 Nbd7 10. b4 Ne4 11. Qc2 f5 12. Ng5 Nxg5 13. Bxb7 Rb8 14. Bg2 Qe7 15. h4 Nf7 16. e4 fxe4 17. Qxe4 Nf6 18. Qe2 Qd7 19. Bh3 Qe7 20. Bxe6 Rbe8 21. d5 c6 22. Qd3 cxd5 23. cxd5 Kh8 24. Bb2 Nd8 25. Rae1 Nxe6 26. Rxe6 Qd7 27. Rfe1 Ng4 28. Qe2 Ne5 29. Bxe5 dxe5 30. Qxe5 Qf7 31. Rxe8 Qxf2+ 32. Kh1 1-0

[Event "Florianopolis op 7th"]
[Site "Florianopolis"]
[Date "2021.01.21"]
[Round "5"]
[White "Dos Anjos, Diovana Ferreira"]
[Black "Mariot Vaz, Joao Antonio Bertol"]
[Result "1-0"]
[WhiteElo "1705"]
[BlackElo "1415"]
[PlyCount "73"]
[EventDate "2021.01.18"]
[EventType "swiss"]
[EventRounds "10"]
[EventCountry "BRA"]
[SourceTitle "CBM 200 Extra"]
[Source "ChessBase"]
[SourceDate "2021.03.31"]
[SourceVersion "1"]
[SourceVersionDate "2021.03.31"]
[SourceQuality "1"]

1. e4 e5 2. c4 Nf6 3. Nc3 Nc6 4. g3 Bc5 5. Bg2 a6 6. Nge2 d6 7. 0-0 0-0 8. h3 Ba7 9. a3 Rb8 10. b4 b5 11. cxb5 axb5 12. Qc2 Nd4 13. Nxd4 Bxd4 14. Bb2 c6 15. Ne2 Bxb2 16. Qxb2 Qe7 17. Rac1 Bd7 18. d3 d5 19. Rc5 Rfe8 20. Kh2 h5 21. f4 exf4 22. Nxf4 dxe4 23. dxe4 h4 24. Rg5 hxg3+ 25. Rxg3 Qe5 26. Qxe5 Rxe5 27. Nd3 Rxe4 28. Rxf6 Re2 29. Rf2 Re7 30. Nc5 Be8 31. Rd2 f6 32. Rd6 Kf7 33. Bxc6 Bxc6 34. Rxc6 Rd8 35. Rg2 Re3 36. Rc7+ Kf8 37. Rcxg7 1-0